000 00332 a2200157 4500
001 192611
020 _a0-521-75257-4
040 _cMagnum
100 _aBrown, Richard
240 1 0 _aThe moonlit owl
_lING
245 1 0 _aThe moonlit owl
300 _a16
362 0 _a2004
697 _aLITERATURA INFANTIL INGLESA
942 _cBK
999 _c192611
_d192611